000 00466nam a22001937a 4500
003 MPLRDC
005 20220104144238.0
008 210129b ||||| |||| 00| 0 eng d
020 _a957-667-829-3
082 _a857.63 TJS v.1
100 _a藤井树
245 _a猫空爱情故事
_c
250 _a初版
260 _a
_b商周出版
_c2002
300 _b
490 _a网路小说. 005
650 _a短篇小说--别集
942 _cBK
_o857.63 TJS v.1
999 _c47781
_d47771